[Event "Blitz 2018"]
[Site "Saint-Petersburg"]
[Date "2018.12.29"]
[Round "8"]
[Board "77"]
[White "Petrov Nikita (RUS)"]
[Black "Mchedlishvili Mikheil (GEO)"]
[Result "0-1"]
[LiveChessVersion "1.4.8"]
[BlackElo "2607"]
[WhiteElo "2468"]

1. e4 {[%clk 0:03:03]} c6 {[%clk 0:03:02]} 2. d4 {[%clk 0:03:03]} d5
{[%clk 0:03:03]} 3. e5 {[%clk 0:03:04]} Bf5 {[%clk 0:03:03]} 4. h4
{[%clk 0:03:05]} Qb6 {[%clk 0:03:01]} 5. a4 {[%clk 0:03:00]} h6 {[%clk 0:02:53]}
6. a5 {[%clk 0:02:59]} Qc7 {[%clk 0:02:54]} 7. g4 {[%clk 0:02:43]} Bd7
{[%clk 0:02:54]} 8. b4 {[%clk 0:02:25]} h5 {[%clk 0:02:40]} 9. gxh5
{[%clk 0:02:25]} Bf5 {[%clk 0:02:40]} 10. Be3 {[%clk 0:02:12]} e6
{[%clk 0:02:38]} 11. Nd2 {[%clk 0:01:54]} Bxb4 {[%clk 0:02:36]} 12. a6
{[%clk 0:01:53]} Nxa6 {[%clk 0:02:16]} 13. Bxa6 {[%clk 0:01:53]} bxa6
{[%clk 0:02:17]} 14. Ne2 {[%clk 0:01:54]} Nh6 {[%clk 0:01:51]} 15. Ng3
{[%clk 0:01:44]} Bh7 {[%clk 0:01:47]} 16. O-O {[%clk 0:01:36]} Nf5
{[%clk 0:01:35]} 17. Nb3 {[%clk 0:01:27]} Nxh4 {[%clk 0:01:15]} 18. Rxa6
{[%clk 0:00:57]} Be4 {[%clk 0:00:57]} 19. Nxe4 {[%clk 0:00:46]} dxe4
{[%clk 0:00:57]} 20. Qg4 {[%clk 0:00:46]} Nf5 {[%clk 0:00:56]} 21. Qxe4
{[%clk 0:00:42]} Rxh5 {[%clk 0:00:31]} 22. Rfa1 {[%clk 0:00:25]} Nxe3
{[%clk 0:00:25]} 23. fxe3 {[%clk 0:00:22]} Qd8 {[%clk 0:00:22]} 24. Qxc6+
{[%clk 0:00:18]} Kf8 {[%clk 0:00:23]} 25. Qf3 {[%clk 0:00:09]} Qg5+
{[%clk 0:00:22]} 26. Kf1 {[%clk 0:00:09]} Re8 {[%clk 0:00:08]} 27. Rxa7
{[%clk 0:00:10]} Be7 {[%clk 0:00:09]} 28. Nc5 {[%clk 0:00:10]} Kg8
{[%clk 0:00:10]} 29. Ne4 {[%clk 0:00:10]} Qg6 {[%clk 0:00:11]} 30. Ra8
{[%clk 0:00:10]} Rf8 {[%clk 0:00:11]} 31. Rxf8+ {[%clk 0:00:10]} Bxf8
{[%clk 0:00:12]} 32. Ng3 {[%clk 0:00:08]} Rh2 {[%clk 0:00:13]} 33. Ne4
{[%clk 0:00:05]} Rh4 {[%clk 0:00:10]} 34. Nf2 {[%clk 0:00:03]} Qxc2
{[%clk 0:00:08]} 35. Ra8 {[%clk 0:00:04]} Rh2 {[%clk 0:00:05]} 36. Rxf8+
{[%clk 0:00:04]} Kxf8 {[%clk 0:00:06]} 37. Qa8+ {[%clk 0:00:05]} Ke7
{[%clk 0:00:07]} 38. Qb7+ {[%clk 0:00:05]} Ke8 {[%clk 0:00:07]} 39. Qb8+
{[%clk 0:00:04]} Kd7 {[%clk 0:00:06]} 40. Qd6+ {[%clk 0:00:05]} Kc8
{[%clk 0:00:07]} 41. Qf8+ {[%clk 0:00:07]} Kb7 {[%clk 0:00:08]} 42. Qxf7+
{[%clk 0:00:08]} Kb8 {[%clk 0:00:05]} 43. Qf8+ {[%clk 0:00:08]} Qc8
{[%clk 0:00:08]} 44. Qd6+ {[%clk 0:00:08]} Kb7 {[%clk 0:00:09]} 45. Qb4+
{[%clk 0:00:09]} Ka8 {[%clk 0:00:10]} 46. Qa5+ {[%clk 0:00:10]} Kb8
{[%clk 0:00:12]} 47. Qb6+ {[%clk 0:00:11]} Qb7 {[%clk 0:00:13]} 48. Qd6+
{[%clk 0:00:11]} Qc7 {[%clk 0:00:12]} 49. Qb4+ {[%clk 0:00:10]} Kc8
{[%clk 0:00:12]} 50. Qf8+ {[%clk 0:00:11]} Kb7 {[%clk 0:00:12]} 51. Qb4+
{[%clk 0:00:11]} Qb6 {[%clk 0:00:13]} 52. Qe7+ {[%clk 0:00:12]} Ka6
{[%clk 0:00:15]} 53. Qa3+ {[%clk 0:00:12]} Kb5 {[%clk 0:00:14]} 54. Qb3+
{[%clk 0:00:13]} Ka6 {[%clk 0:00:14]} 55. Qa4+ {[%clk 0:00:13]} Kb7
{[%clk 0:00:13]} 56. Qd7+ {[%clk 0:00:13]} Kb8 {[%clk 0:00:14]} 57. Qe8+
{[%clk 0:00:11]} Kb7 {[%clk 0:00:13]} 58. Qd7+ {[%clk 0:00:12]} Qc7
{[%clk 0:00:14]} 59. Qb5+ {[%clk 0:00:12]} Ka7 {[%clk 0:00:14]} 60. Qa4+
{[%clk 0:00:13]} Kb8 {[%clk 0:00:14]} 61. Qb5+ {[%clk 0:00:11]} Qb7
{[%clk 0:00:15]} 62. Qe8+ {[%clk 0:00:10]} Ka7 {[%clk 0:00:15]} 63. Kg1
{[%clk 0:00:10]} Qg2# 0-1

[Event "Blitz 2018"]
[Site "Saint-Petersburg"]
[Date "2018.12.29"]
[Round "8"]
[Board "78"]
[White "Gasanov Eldar (UKR)"]
[Black "Hakobyan Aram (ARM)"]
[Result "0-1"]
[LiveChessVersion "1.4.8"]
[BlackElo "2451"]
[WhiteElo "2581"]

1. d4 {[%clk 0:03:01]} Nf6 {[%clk 0:03:03]} 2. c4 {[%clk 0:03:01]} e6
{[%clk 0:03:04]} 3. Nf3 {[%clk 0:02:57]} b6 {[%clk 0:03:05]} 4. Bf4
{[%clk 0:02:55]} Bb7 {[%clk 0:02:57]} 5. e3 {[%clk 0:02:55]} Bb4+
{[%clk 0:02:58]} 6. Nfd2 {[%clk 0:02:50]} d5 {[%clk 0:02:59]} 7. Qa4+
{[%clk 0:02:42]} Nc6 {[%clk 0:03:01]} 8. cxd5 {[%clk 0:02:36]} Qxd5
{[%clk 0:02:30]} 9. Nc3 {[%clk 0:02:16]} Bxc3 {[%clk 0:02:29]} 10. bxc3
{[%clk 0:02:17]} O-O-O {[%clk 0:02:16]} 11. Be2 {[%clk 0:01:54]} e5
{[%clk 0:01:56]} 12. Bf3 {[%clk 0:01:52]} Qd7 {[%clk 0:01:27]} 13. Bg5
{[%clk 0:01:25]} Kb8 {[%clk 0:01:25]} 14. Bxf6 {[%clk 0:01:11]} gxf6
{[%clk 0:01:21]} 15. d5 {[%clk 0:01:11]} Na5 {[%clk 0:01:06]} 16. Qxd7
{[%clk 0:01:10]} Rxd7 {[%clk 0:01:08]} 17. c4 {[%clk 0:01:03]} f5
{[%clk 0:01:09]} 18. Rc1 {[%clk 0:00:56]} Rhd8 {[%clk 0:01:09]} 19. e4
{[%clk 0:00:48]} c6 {[%clk 0:01:04]} 20. O-O {[%clk 0:00:40]} cxd5
{[%clk 0:01:04]} 21. exd5 {[%clk 0:00:38]} e4 {[%clk 0:01:04]} 22. Be2
{[%clk 0:00:39]} Rc7 {[%clk 0:01:05]} 23. Nb3 {[%clk 0:00:38]} Nxb3
{[%clk 0:01:06]} 24. axb3 a5 25. f3 {[%clk 0:00:36]} Re7 {[%clk 0:00:55]} 26.
fxe4 {[%clk 0:00:38]} fxe4 {[%clk 0:00:56]} 27. Rf6 {[%clk 0:00:37]} Kc7
{[%clk 0:00:49]} 28. Rcf1 {[%clk 0:00:37]} Bc8 {[%clk 0:00:24]} 29. Rxf7
{[%clk 0:00:34]} Rxf7 {[%clk 0:00:25]} 30. Rxf7+ {[%clk 0:00:35]} Kd6
{[%clk 0:00:27]} 31. Rf6+ {[%clk 0:00:36]} Kc5 {[%clk 0:00:23]} 32. Kf2
{[%clk 0:00:29]} b5 {[%clk 0:00:13]} 33. Rc6+ {[%clk 0:00:26]} Kb4
{[%clk 0:00:14]} 34. Rb6 {[%clk 0:00:26]} Bd7 {[%clk 0:00:13]} 35. Rd6
{[%clk 0:00:26]} a4 {[%clk 0:00:13]} 36. bxa4 {[%clk 0:00:24]} bxa4
{[%clk 0:00:14]} 37. Ke3 {[%clk 0:00:21]} a3 {[%clk 0:00:16]} 38. Rb6+
{[%clk 0:00:20]} Kc3 {[%clk 0:00:09]} 39. c5 {[%clk 0:00:20]} Ra8
{[%clk 0:00:09]} 40. Rb1 {[%clk 0:00:18]} a2 {[%clk 0:00:11]} 41. Rc1+
{[%clk 0:00:18]} Kb2 {[%clk 0:00:12]} 42. Rd1 {[%clk 0:00:18]} Ba4
{[%clk 0:00:12]} 43. Re1 {[%clk 0:00:17]} Bc2 {[%clk 0:00:13]} 44. Bc4
{[%clk 0:00:15]} a1=Q {[%clk 0:00:08]} 45. Rxa1 {[%clk 0:00:16]} Rxa1
{[%clk 0:00:08]} 46. c6 {[%clk 0:00:16]} Ra3+ {[%clk 0:00:06]} 47. Kd4
{[%clk 0:00:15]} Ba4 {[%clk 0:00:04]} 48. Kc5 {[%clk 0:00:12]} e3 49. d6
{[%clk 0:00:14]} Bxc6 {[%clk 0:00:06]} 50. Kxc6 Rc3 {[%clk 0:00:08]} 51. d7
{[%clk 0:00:15]} Rxc4+ {[%clk 0:00:09]} 52. Kd5 {[%clk 0:00:16]} Rc2
{[%clk 0:00:09]} 53. Kd4 0-1

[Event "Blitz 2018"]
[Site "Saint-Petersburg"]
[Date "2018.12.29"]
[Round "8"]
[Board "79"]
[White "Sakaev Konstantin (RUS)"]
[Black "Steinberg Nitzan (ISR)"]
[Result "1-0"]
[LiveChessVersion "1.4.8"]
[BlackElo "2447"]
[WhiteElo "2551"]

1. d4 {[%clk 0:03:03]} d5 {[%clk 0:03:03]} 2. Nf3 {[%clk 0:03:02]} Nf6
{[%clk 0:03:05]} 3. c4 {[%clk 0:03:03]} c6 {[%clk 0:03:06]} 4. Nc3
{[%clk 0:03:02]} e6 {[%clk 0:03:07]} 5. Bg5 {[%clk 0:03:01]} Nbd7
{[%clk 0:03:08]} 6. cxd5 {[%clk 0:03:00]} exd5 {[%clk 0:03:09]} 7. e3
{[%clk 0:03:01]} Qa5 {[%clk 0:03:10]} 8. Nd2 {[%clk 0:02:50]} Ne4
{[%clk 0:03:05]} 9. Ndxe4 {[%clk 0:02:44]} dxe4 {[%clk 0:03:06]} 10. Bh4
{[%clk 0:02:42]} h5 {[%clk 0:02:49]} 11. h3 {[%clk 0:02:18]} Bd6 {[%clk 0:02:50]}
12. Qc2 {[%clk 0:02:16]} f5 {[%clk 0:02:22]} 13. Be2 {[%clk 0:02:08]} Nf8
{[%clk 0:02:20]} 14. O-O {[%clk 0:02:04]} Be6 {[%clk 0:02:02]} 15. Rad1
{[%clk 0:01:52]} Ng6 {[%clk 0:01:31]} 16. Bg5 {[%clk 0:01:53]} Be7
{[%clk 0:01:28]} 17. Bxe7 {[%clk 0:01:44]} Nxe7 {[%clk 0:01:29]} 18. h4
{[%clk 0:01:32]} O-O-O {[%clk 0:01:19]} 19. b4 {[%clk 0:01:29]} Qxb4
{[%clk 0:01:13]} 20. Rb1 {[%clk 0:01:21]} Qa5 {[%clk 0:01:05]} 21. Na4
{[%clk 0:01:21]} Kb8 {[%clk 0:00:48]} 22. Nc5 {[%clk 0:01:11]} Bc8
{[%clk 0:00:50]} 23. Rb3 {[%clk 0:00:58]} Ka8 {[%clk 0:00:46]} 24. Rfb1
{[%clk 0:00:50]} b6 {[%clk 0:00:47]} 25. Qb2 {[%clk 0:00:43]} Nd5
{[%clk 0:00:37]} 26. Bc4 {[%clk 0:00:28]} f4 {[%clk 0:00:22]} 27. Bxd5
{[%clk 0:00:27]} Rxd5 {[%clk 0:00:23]} 28. Ra3 {[%clk 0:00:28]} Qb5
{[%clk 0:00:21]} 29. Rb3 {[%clk 0:00:28]} Qa5 {[%clk 0:00:21]} 30. exf4
{[%clk 0:00:24]} Re8 {[%clk 0:00:20]} 31. Ra3 {[%clk 0:00:23]} Qb5
{[%clk 0:00:21]} 32. Rb3 {[%clk 0:00:24]} Qa5 {[%clk 0:00:23]} 33. Ra3
{[%clk 0:00:15]} Qb5 {[%clk 0:00:24]} 34. Qc2 {[%clk 0:00:14]} Qxb1+
{[%clk 0:00:16]} 35. Qxb1 {[%clk 0:00:16]} bxc5 {[%clk 0:00:17]} 36. dxc5
{[%clk 0:00:15]} Bg4 {[%clk 0:00:10]} 37. Kh2 {[%clk 0:00:13]} Rb8
{[%clk 0:00:06]} 38. Qxe4 {[%clk 0:00:13]} Rxc5 {[%clk 0:00:08]} 39. Qe7
{[%clk 0:00:13]} 1-0

[Event "Blitz 2018"]
[Site "Saint-Petersburg"]
[Date "2018.12.29"]
[Round "8"]
[Board "80"]
[White "Gutenev Alexander (RUS)"]
[Black "Kryakvin Dmitry (RUS)"]
[Result "1-0"]
[LiveChessVersion "1.4.8"]
[BlackElo "2536"]
[WhiteElo "2419"]

1. e4 {[%clk 0:03:03]} c5 {[%clk 0:03:03]} 2. Nc3 {[%clk 0:02:58]} d6
{[%clk 0:03:04]} 3. d4 {[%clk 0:02:56]} cxd4 {[%clk 0:03:03]} 4. Qxd4
{[%clk 0:02:57]} Bd7 {[%clk 0:03:01]} 5. b3 {[%clk 0:02:46]} Nc6 {[%clk 0:03:02]}
6. Qd2 {[%clk 0:02:46]} g6 {[%clk 0:03:00]} 7. Bb2 {[%clk 0:02:48]} Bg7
{[%clk 0:03:00]} 8. O-O-O {[%clk 0:02:41]} Nf6 {[%clk 0:03:00]} 9. f3
{[%clk 0:02:34]} Rc8 {[%clk 0:02:57]} 10. Kb1 {[%clk 0:02:32]} O-O
{[%clk 0:02:58]} 11. g4 {[%clk 0:02:23]} a6 {[%clk 0:02:50]} 12. h4
{[%clk 0:02:24]} h5 {[%clk 0:02:46]} 13. gxh5 {[%clk 0:02:09]} Nxh5
{[%clk 0:02:46]} 14. Nge2 {[%clk 0:02:02]} Qa5 {[%clk 0:02:35]} 15. Rg1
{[%clk 0:01:54]} Ne5 {[%clk 0:02:16]} 16. Bg2 {[%clk 0:01:43]} Bb5
{[%clk 0:01:48]} 17. Nd4 {[%clk 0:01:19]} Nc6 {[%clk 0:01:27]} 18. Nxc6
{[%clk 0:01:09]} Bxc6 {[%clk 0:01:08]} 19. Nd5 {[%clk 0:01:10]} Qd8
{[%clk 0:01:08]} 20. Bh3 {[%clk 0:01:05]} e6 {[%clk 0:00:37]} 21. Nf4
{[%clk 0:01:06]} Bxb2 {[%clk 0:00:23]} 22. Nxh5 {[%clk 0:01:01]} Qxh4
{[%clk 0:00:20]} 23. Qh6 {[%clk 0:00:47]} Qxh3 {[%clk 0:00:11]} 24. Nf6+
{[%clk 0:00:33]} Bxf6 {[%clk 0:00:12]} 25. Qxh3 {[%clk 0:00:34]} Kg7
{[%clk 0:00:10]} 26. Qg3 {[%clk 0:00:32]} Be5 {[%clk 0:00:07]} 27. f4
{[%clk 0:00:33]} Bf6 {[%clk 0:00:08]} 28. e5 {[%clk 0:00:33]} dxe5
{[%clk 0:00:08]} 29. fxe5 {[%clk 0:00:34]} Be7 {[%clk 0:00:10]} 30. Qf4
{[%clk 0:00:34]} Rcd8 {[%clk 0:00:08]} 31. Rdf1 {[%clk 0:00:34]} Rd5
{[%clk 0:00:06]} 32. Rh1 {[%clk 0:00:33]} Kg8 {[%clk 0:00:06]} 33. Qh6
{[%clk 0:00:30]} 1-0

[Event "Blitz 2018"]
[Site "Saint-Petersburg"]
[Date "2018.12.29"]
[Round "8"]
[Board "81"]
[White "Vishnu Prasanna. V (IND)"]
[Black "Shubin Kirill (RUS)"]
[Result "1/2-1/2"]
[LiveChessVersion "1.4.8"]
[BlackElo "2398"]
[WhiteElo "2519"]

1. Nf3 {[%clk 0:03:02]} Nf6 {[%clk 0:03:04]} 2. g3 {[%clk 0:03:03]} b5
{[%clk 0:03:05]} 3. Bg2 {[%clk 0:03:04]} Bb7 {[%clk 0:03:07]} 4. O-O
{[%clk 0:03:04]} e6 {[%clk 0:03:08]} 5. d3 {[%clk 0:03:04]} c5 {[%clk 0:03:09]}
6. e4 {[%clk 0:03:02]} d6 {[%clk 0:03:10]} 7. Re1 {[%clk 0:02:59]} Be7
{[%clk 0:03:11]} 8. a4 {[%clk 0:02:47]} b4 {[%clk 0:03:12]} 9. c3
{[%clk 0:02:46]} bxc3 {[%clk 0:02:55]} 10. Nxc3 {[%clk 0:02:44]} O-O
{[%clk 0:02:51]} 11. d4 {[%clk 0:02:44]} cxd4 {[%clk 0:02:49]} 12. Nxd4
{[%clk 0:02:44]} e5 {[%clk 0:02:05]} 13. Nf5 {[%clk 0:02:44]} g6 {[%clk 0:01:56]}
14. Nxe7+ {[%clk 0:02:39]} Qxe7 {[%clk 0:01:56]} 15. Bg5 {[%clk 0:02:39]} Na6
{[%clk 0:01:32]} 16. Rc1 {[%clk 0:02:29]} Qe6 {[%clk 0:01:18]} 17. Rc2
{[%clk 0:02:18]} Rfc8 {[%clk 0:00:49]} 18. Rd2 {[%clk 0:02:19]} Ne8
{[%clk 0:00:49]} 19. Nb5 {[%clk 0:02:10]} Rc6 {[%clk 0:00:46]} 20. Be3
{[%clk 0:02:02]} Nac7 {[%clk 0:00:35]} 21. Nxa7 {[%clk 0:02:02]} Ra6
{[%clk 0:00:25]} 22. Nb5 {[%clk 0:02:03]} Nxb5 {[%clk 0:00:26]} 23. axb5
{[%clk 0:02:04]} Ra4 {[%clk 0:00:24]} 24. Qc2 {[%clk 0:02:02]} Rb4
{[%clk 0:00:18]} 25. Qc3 {[%clk 0:01:46]} Rxb5 {[%clk 0:00:15]} 26. b4
{[%clk 0:01:37]} Rc8 {[%clk 0:00:10]} 27. Qa3 {[%clk 0:01:23]} Ra8
{[%clk 0:00:10]} 28. Qb2 {[%clk 0:01:14]} Ra4 {[%clk 0:00:09]} 29. Rb1
{[%clk 0:01:14]} Qc4 {[%clk 0:00:08]} 30. Rc1 {[%clk 0:00:42]} Qxb4
{[%clk 0:00:06]} 31. Qxb4 {[%clk 0:00:41]} Raxb4 {[%clk 0:00:07]} 32. f3
{[%clk 0:00:41]} Rb1 {[%clk 0:00:08]} 33. Rdc2 {[%clk 0:00:41]} Rxc1+
{[%clk 0:00:08]} 34. Rxc1 {[%clk 0:00:43]} Kf8 {[%clk 0:00:07]} 35. Bf1
{[%clk 0:00:39]} Rb3 {[%clk 0:00:08]} 36. Kf2 {[%clk 0:00:40]} Rb2+
{[%clk 0:00:08]} 37. Kg1 {[%clk 0:00:41]} Ke7 {[%clk 0:00:07]} 38. Bf2
{[%clk 0:00:39]} Kd7 {[%clk 0:00:06]} 39. Bc4 {[%clk 0:00:36]} Ke7
{[%clk 0:00:05]} 40. Ra1 {[%clk 0:00:36]} f6 {[%clk 0:00:04]} 41. Ra7
{[%clk 0:00:36]} Kd7 {[%clk 0:00:05]} 42. Bg8 {[%clk 0:00:34]} h6
{[%clk 0:00:04]} 43. Bf7 {[%clk 0:00:34]} g5 {[%clk 0:00:05]} 44. Bg6
{[%clk 0:00:32]} Nc7 {[%clk 0:00:05]} 45. Ra3 {[%clk 0:00:31]} Ba6
{[%clk 0:00:05]} 46. Bf5+ {[%clk 0:00:30]} Kd8 {[%clk 0:00:06]} 47. h4
{[%clk 0:00:31]} Rb1+ {[%clk 0:00:06]} 48. Kg2 {[%clk 0:00:32]} Bf1+
{[%clk 0:00:05]} 49. Kh2 {[%clk 0:00:33]} Ba6 {[%clk 0:00:04]} 50. h5
{[%clk 0:00:33]} Rb2 {[%clk 0:00:04]} 51. Kg1 {[%clk 0:00:33]} Rb1+
{[%clk 0:00:06]} 52. Kg2 {[%clk 0:00:35]} Rb2 {[%clk 0:00:05]} 53. Rc3
{[%clk 0:00:36]} Bb7 {[%clk 0:00:04]} 54. Kg1 {[%clk 0:00:32]} Rb1+
{[%clk 0:00:05]} 55. Kg2 {[%clk 0:00:32]} Rb2 {[%clk 0:00:06]} 56. g4
{[%clk 0:00:29]} Ba8 {[%clk 0:00:04]} 57. Kg3 {[%clk 0:00:29]} Bb7
{[%clk 0:00:05]} 58. Be3 {[%clk 0:00:28]} d5 {[%clk 0:00:04]} 59. Bc5
{[%clk 0:00:28]} d4 {[%clk 0:00:05]} 60. Ra3 {[%clk 0:00:28]} Rb5
{[%clk 0:00:05]} 61. Bf8 {[%clk 0:00:28]} Rb1 {[%clk 0:00:04]} 62. Bxh6
{[%clk 0:00:28]} Ba6 {[%clk 0:00:05]} 63. Bg7 {[%clk 0:00:27]} d3
{[%clk 0:00:06]} 64. Rxd3+ {[%clk 0:00:23]} Bxd3 {[%clk 0:00:07]} 65. h6
{[%clk 0:00:22]} Ke7 {[%clk 0:00:07]} 66. Bg6 {[%clk 0:00:18]} Rh1
{[%clk 0:00:06]} 67. Bh5 {[%clk 0:00:16]} Rxh5 {[%clk 0:00:05]} 68. gxh5
{[%clk 0:00:16]} Kf7 {[%clk 0:00:06]} 69. Bh8 {[%clk 0:00:14]} g4
{[%clk 0:00:04]} 70. Kxg4 {[%clk 0:00:14]} Ne6 {[%clk 0:00:04]} 71. Kg3
{[%clk 0:00:14]} Nf8 {[%clk 0:00:05]} 72. Kg4 {[%clk 0:00:16]} Bb5
{[%clk 0:00:06]} 73. Bg7 {[%clk 0:00:16]} Nh7 {[%clk 0:00:07]} 74. f4
{[%clk 0:00:16]} Bd7+ {[%clk 0:00:06]} 75. Kg3 {[%clk 0:00:17]} exf4+
{[%clk 0:00:06]} 76. Kxf4 {[%clk 0:00:18]} Ba4 {[%clk 0:00:05]} 77. Bh8
{[%clk 0:00:19]} Bd1 {[%clk 0:00:05]} 78. e5 {[%clk 0:00:16]} fxe5+ 79. Kxe5
{[%clk 0:00:17]} Bxh5 {[%clk 0:00:06]} 80. Bg7 {[%clk 0:00:17]} 1/2-1/2

[Event "Blitz 2018"]
[Site "Saint-Petersburg"]
[Date "2018.12.29"]
[Round "8"]
[Board "82"]
[White "Chen Qi B (CHN)"]
[Black "Bocharov Dmitry (RUS)"]
[Result "0-1"]
[LiveChessVersion "1.4.8"]
[BlackElo "2517"]
[WhiteElo "2416"]

1. e4 {[%clk 0:03:03]} c5 {[%clk 0:03:03]} 2. Nc3 {[%clk 0:03:03]} d6
{[%clk 0:03:01]} 3. Nf3 {[%clk 0:03:04]} a6 {[%clk 0:03:01]} 4. d4
{[%clk 0:03:04]} cxd4 {[%clk 0:03:01]} 5. Nxd4 {[%clk 0:03:05]} Nf6
{[%clk 0:03:02]} 6. h3 {[%clk 0:03:06]} e5 {[%clk 0:03:01]} 7. Nde2
{[%clk 0:03:07]} b5 {[%clk 0:02:51]} 8. Ng3 {[%clk 0:02:56]} Nc6 {[%clk 0:02:45]}
9. Bg5 {[%clk 0:02:50]} Be7 {[%clk 0:02:40]} 10. Bxf6 {[%clk 0:02:45]} Bxf6
{[%clk 0:02:40]} 11. a4 {[%clk 0:02:46]} b4 {[%clk 0:02:34]} 12. Nd5
{[%clk 0:02:47]} O-O {[%clk 0:02:28]} 13. Bc4 {[%clk 0:02:43]} Bg5
{[%clk 0:02:19]} 14. O-O {[%clk 0:02:38]} g6 {[%clk 0:02:11]} 15. Qd3
{[%clk 0:02:29]} Kh8 {[%clk 0:02:00]} 16. Rad1 {[%clk 0:02:28]} Na5
{[%clk 0:01:22]} 17. Nxb4 {[%clk 0:02:16]} Nxc4 {[%clk 0:01:16]} 18. Qxc4
{[%clk 0:02:17]} Be6 {[%clk 0:01:16]} 19. Qd3 {[%clk 0:02:15]} Qa5
{[%clk 0:01:02]} 20. Qa3 {[%clk 0:02:00]} Qc5 {[%clk 0:00:51]} 21. a5
{[%clk 0:01:28]} Rfb8 {[%clk 0:00:43]} 22. c3 {[%clk 0:01:28]} Rb5
{[%clk 0:00:42]} 23. Ra1 {[%clk 0:01:05]} f5 {[%clk 0:00:42]} 24. Nd3
{[%clk 0:00:59]} Qxa3 {[%clk 0:00:37]} 25. Rxa3 {[%clk 0:01:00]} Bh4
{[%clk 0:00:16]} 26. exf5 {[%clk 0:00:46]} gxf5 {[%clk 0:00:15]} 27. Re1
{[%clk 0:00:40]} Rc8 {[%clk 0:00:12]} 28. Nb4 {[%clk 0:00:39]} e4
{[%clk 0:00:09]} 29. Nxa6 {[%clk 0:00:38]} Rxb2 {[%clk 0:00:09]} 30. Nb4
{[%clk 0:00:35]} Bf6 {[%clk 0:00:09]} 31. a6 {[%clk 0:00:32]} Rxc3
{[%clk 0:00:10]} 32. Rea1 {[%clk 0:00:26]} Rxa3 {[%clk 0:00:10]} 33. Rxa3
{[%clk 0:00:25]} Rxb4 {[%clk 0:00:10]} 34. a7 {[%clk 0:00:28]} Bd5
{[%clk 0:00:10]} 35. a8=Q+ {[%clk 0:00:24]} Bxa8 {[%clk 0:00:11]} 36. Rxa8+
{[%clk 0:00:25]} Kg7 {[%clk 0:00:12]} 37. Nxf5+ {[%clk 0:00:20]} Kg6
{[%clk 0:00:14]} 38. Ne3 {[%clk 0:00:16]} Bd4 {[%clk 0:00:11]} 39. Ra3
{[%clk 0:00:12]} d5 {[%clk 0:00:10]} 40. g3 {[%clk 0:00:08]} Bxe3
{[%clk 0:00:10]} 41. fxe3 {[%clk 0:00:08]} Rb2 {[%clk 0:00:11]} 42. Ra5
{[%clk 0:00:08]} Rd2 {[%clk 0:00:12]} 43. Kf1 {[%clk 0:00:05]} Kf5
{[%clk 0:00:12]} 44. Kg1 {[%clk 0:00:04]} Ke5 {[%clk 0:00:13]} 45. Kf1
{[%clk 0:00:03]} Rh2 {[%clk 0:00:13]} 46. h4 {[%clk 0:00:05]} h5 {[%clk 0:00:14]}
47. Rb5 {[%clk 0:00:06]} Rd2 {[%clk 0:00:14]} 48. Ra5 {[%clk 0:00:05]} Kf5
{[%clk 0:00:14]} 49. Ra6 {[%clk 0:00:04]} Kg4 {[%clk 0:00:14]} 50. Rf6
{[%clk 0:00:04]} Kxg3 {[%clk 0:00:13]} 51. Rf4 {[%clk 0:00:06]} Rd3
{[%clk 0:00:07]} 52. Ke2 {[%clk 0:00:07]} Kh3 {[%clk 0:00:08]} 53. Kf2
{[%clk 0:00:07]} Rd2+ {[%clk 0:00:08]} 54. Ke1 {[%clk 0:00:08]} Rd3
{[%clk 0:00:09]} 55. Ke2 {[%clk 0:00:09]} Kg3 {[%clk 0:00:10]} 56. Rf8
{[%clk 0:00:05]} Kxh4 {[%clk 0:00:11]} 57. Rg8 {[%clk 0:00:06]} Ra3
{[%clk 0:00:10]} 58. Kd2 {[%clk 0:00:07]} Kh3 {[%clk 0:00:09]} 59. Rg5
{[%clk 0:00:08]} Rd3+ {[%clk 0:00:10]} 60. Ke2 {[%clk 0:00:10]} h4
{[%clk 0:00:11]} 61. Rg8 {[%clk 0:00:11]} Ra3 {[%clk 0:00:10]} 62. Kd2
{[%clk 0:00:12]} Kh2 {[%clk 0:00:10]} 63. Rg5 {[%clk 0:00:12]} Rd3+
{[%clk 0:00:11]} 64. Ke2 {[%clk 0:00:14]} h3 {[%clk 0:00:12]} 65. Rg8
{[%clk 0:00:15]} Ra3 {[%clk 0:00:11]} 66. Rg5 {[%clk 0:00:13]} Ra2+
{[%clk 0:00:12]} 67. Kf1 {[%clk 0:00:14]} Rd2 {[%clk 0:00:12]} 68. Rg4
{[%clk 0:00:12]} Rg2 {[%clk 0:00:12]} 69. Rh4 {[%clk 0:00:11]} Kg3
{[%clk 0:00:13]} 70. Rh8 {[%clk 0:00:09]} Rf2+ {[%clk 0:00:14]} 71. Kg1
{[%clk 0:00:09]} h2+ {[%clk 0:00:13]} 0-1

[Event "Blitz 2018"]
[Site "Saint-Petersburg"]
[Date "2018.12.29"]
[Round "8"]
[Board "83"]
[White "Sharma Dinesh K. (IND)"]
[Black "Carlsson Pontus (SWE)"]
[Result "0-1"]
[LiveChessVersion "1.4.8"]
[BlackElo "2511"]
[WhiteElo "2383"]

1. e4 {[%clk 0:03:03]} c5 {[%clk 0:03:04]} 2. Nf3 d6 3. d4 {[%clk 0:03:05]} Nf6
{[%clk 0:03:06]} 4. Nc3 cxd4 5. Nxd4 {[%clk 0:03:06]} g6 {[%clk 0:03:09]} 6. Be3
{[%clk 0:03:04]} Bg7 {[%clk 0:03:10]} 7. f3 {[%clk 0:03:05]} O-O {[%clk 0:03:10]}
8. Qd2 {[%clk 0:03:06]} Nc6 {[%clk 0:03:11]} 9. Bc4 {[%clk 0:03:06]} Bd7
{[%clk 0:03:13]} 10. O-O-O {[%clk 0:03:06]} Rc8 {[%clk 0:03:14]} 11. Bb3
{[%clk 0:03:07]} Nxd4 {[%clk 0:03:15]} 12. Bxd4 b5 13. Nd5 {[%clk 0:03:01]} Nxd5
{[%clk 0:03:15]} 14. Bxg7 {[%clk 0:03:00]} Kxg7 {[%clk 0:03:16]} 15. exd5
{[%clk 0:02:58]} a5 {[%clk 0:03:17]} 16. a3 {[%clk 0:02:58]} Kg8 {[%clk 0:03:18]}
17. Rhe1 {[%clk 0:02:49]} b4 {[%clk 0:03:20]} 18. axb4 {[%clk 0:02:46]} axb4
{[%clk 0:03:20]} 19. Qd4 {[%clk 0:02:45]} Re8 {[%clk 0:03:11]} 20. h4
{[%clk 0:02:45]} Bf5 {[%clk 0:03:06]} 21. Kd2 {[%clk 0:02:40]} Qa5
{[%clk 0:02:56]} 22. Ra1 {[%clk 0:02:27]} Qd8 {[%clk 0:02:09]} 23. g4
{[%clk 0:02:25]} e5 {[%clk 0:02:03]} 24. Qxb4 {[%clk 0:02:16]} Qxh4
{[%clk 0:01:52]} 25. Re2 {[%clk 0:01:34]} e4 {[%clk 0:01:41]} 26. Qb5
{[%clk 0:01:09]} e3+ {[%clk 0:01:36]} 27. Rxe3 {[%clk 0:00:58]} Qf2+
{[%clk 0:01:34]} 28. Qe2 {[%clk 0:00:51]} Qxe2+ {[%clk 0:01:20]} 29. Kxe2
{[%clk 0:00:50]} Bxc2 {[%clk 0:01:12]} 30. Rc1 {[%clk 0:00:35]} Rxe3+
{[%clk 0:01:09]} 31. Kxe3 {[%clk 0:00:35]} Re8+ {[%clk 0:01:11]} 32. Kd4 0-1